<?xml version="1.0" encoding="UTF-8"?>
<record
    xmlns:xsi="http://www.w3.org/2001/XMLSchema-instance"
    xsi:schemaLocation="http://www.loc.gov/MARC21/slim http://www.loc.gov/standards/marcxml/schema/MARC21slim.xsd"
    xmlns="http://www.loc.gov/MARC21/slim">

  <leader>00911nam a22002417a 4500</leader>
  <controlfield tag="001">BRCA_9302</controlfield>
  <controlfield tag="003">FranzMayer</controlfield>
  <controlfield tag="005">20230728113651.0</controlfield>
  <controlfield tag="008">230728b        |||||||| |||| 00| 0 eng d</controlfield>
  <datafield tag="040" ind1=" " ind2=" ">
    <subfield code="a">MFM</subfield>
    <subfield code="b">esp</subfield>
    <subfield code="c">MFM</subfield>
  </datafield>
  <datafield tag="050" ind1=" " ind2=" ">
    <subfield code="a">LE59</subfield>
    <subfield code="b">M39 1758</subfield>
  </datafield>
  <datafield tag="082" ind1=" " ind2=" ">
    <subfield code="2">BJ1500.S65</subfield>
  </datafield>
  <datafield tag="100" ind1="1" ind2=" ">
    <subfield code="4">Autor</subfield>
    <subfield code="a">May&#xE1;ns I Siscar, Don Gregorio</subfield>
    <subfield code="9">28991</subfield>
  </datafield>
  <datafield tag="240" ind1="1" ind2=" ">
    <subfield code="a">Rhetorica de Don Gregorio Mayans I Siscar</subfield>
    <subfield code="h">Tomo II</subfield>
    <subfield code="l">espa&#xF1;ol</subfield>
  </datafield>
  <datafield tag="245" ind1="0" ind2=" ">
    <subfield code="a">Rhetorica de Don Gregorio Mayans I Siscar</subfield>
    <subfield code="b">Tomo II</subfield>
  </datafield>
  <datafield tag="260" ind1=" " ind2=" ">
    <subfield code="a">San Mart&#xED;n, Espa&#xF1;a</subfield>
    <subfield code="b">Herederos de Ger&#xF3;nimo Conejos</subfield>
    <subfield code="c">1758</subfield>
  </datafield>
  <datafield tag="300" ind1=" " ind2=" ">
    <subfield code="a">532 p.</subfield>
    <subfield code="c">18 cm</subfield>
  </datafield>
  <datafield tag="440" ind1=" " ind2=" ">
    <subfield code="a">Rhetorica de Don Gregorio Mayans I Siscar </subfield>
    <subfield code="n">Tomo II</subfield>
    <subfield code="9">28992</subfield>
  </datafield>
  <datafield tag="505" ind1="0" ind2=" ">
    <subfield code="a">Texto en: espa&#xF1;olDirigido a: fil&#xF3;sofos, estudiosos, ret&#xF3;ricosIncluye &#xED;ndice tem&#xE1;tico</subfield>
  </datafield>
  <datafield tag="650" ind1="1" ind2=" ">
    <subfield code="2">Filosof&#xED;a</subfield>
    <subfield code="a">&#xC9;tica</subfield>
    <subfield code="v">Temas especiales</subfield>
    <subfield code="9">28993</subfield>
  </datafield>
  <datafield tag="651" ind1="2" ind2=" ">
    <subfield code="2">&#xC9;tica</subfield>
    <subfield code="a">Ret&#xF3;rica</subfield>
    <subfield code="v">El arte del discurso</subfield>
    <subfield code="9">28994</subfield>
  </datafield>
  <datafield tag="942" ind1=" " ind2=" ">
    <subfield code="2">lcc</subfield>
    <subfield code="c">B</subfield>
  </datafield>
  <datafield tag="999" ind1=" " ind2=" ">
    <subfield code="c">10924</subfield>
    <subfield code="d">10924</subfield>
  </datafield>
  <datafield tag="952" ind1=" " ind2=" ">
    <subfield code="0">0</subfield>
    <subfield code="1">0</subfield>
    <subfield code="2">lcc</subfield>
    <subfield code="4">0</subfield>
    <subfield code="7">0</subfield>
    <subfield code="8">CFM</subfield>
    <subfield code="a">BRCA</subfield>
    <subfield code="b">BRCA</subfield>
    <subfield code="d">2023-07-28</subfield>
    <subfield code="e">Donaci&#xF3;n</subfield>
    <subfield code="l">0</subfield>
    <subfield code="o">LE59 M39 1758</subfield>
    <subfield code="p">CFM00538</subfield>
    <subfield code="r">2023-07-28 00:00:00</subfield>
    <subfield code="w">2023-07-28</subfield>
    <subfield code="y">B</subfield>
  </datafield>
</record>
